01499nam a22002417a 450000500170000000800410001702000180005804000070007604100080008308200180009110000270010924500260013626000270016230000290018936500940021852006630031265000290097565000290100465000330103394200120106699900190107895201600109720260327160630.0260327b |||||||| |||| 00| 0 eng d a9788126576463 cAL aeng a005.133bMOTD aBharti Motwani9259664 aData analytics with R aNew DelhibWileyc2023 axvii,646pbPBc23.5x18cm 2Information Science and EngineeringaVBI-2645b₹666.75c₹d₹889.00e25%f20-02-2026 aData analysis is the method of examining, cleansing, and modelling with the objective of determining useful information for effective decision-making and operations. It includes diverse techniques and tools and plays a major role in different business, Science and Social Science areas. R software provides numerous functions and packages for using different techniques for producing desired outcome. Data analytics with R will enable readers gain sufficient knowledge and experience to perform analysis using different analytical tools available in R. Each Chapter begins with a number of important and interesting examples taken from a variety of sectors.  aProgramming in R9259665 aMachine Learning9259666 aStatistical Analysis9259667 2ddccBK c241079d241079 00102ddc40708ISEaSEbSEd2026-03-21eVidyathri Books, Bengaluru-560076g666.75l0o005.133 MOTDpSE000337r2026-03-27 16:08:32v889.00w2026-02-20yBK